Les albums de Tintin par image - Statistiques

Statistiques générales
  • Ce quiz a été pris 1 141 fois
  • Le résultat moyen est 17 sur 24
Statistiques - réponses
Par images Réponse % Correct
Tintin au Congo
97%
Tintin en Amérique
90%
Le Lotus bleu
89%
Tintin au Tibet
86%
L'Ile Noire
80%
Objectif Lune
80%
On a marché sur la Lune
80%
Les Bijoux de la Castafiore
79%
Les 7 Boules de Cristal
78%
Les Cigares du Pharaon
77%
Le Secret de la Licorne
74%
L'Oreille cassée
70%
Coke en stock
69%
Le Sceptre d'Ottokar
68%
L'Étoile mystérieuse
67%
Le Trésor de Rackham le Rouge
67%
Tintin au pays des Soviets
67%
Tintin au pays de l'or noir
64%
Le Crabe aux pinces d'or
62%
L'Affaire Tournesol
60%
Le Temple du Soleil
57%
Tintin et les Picaros
55%
Vol 714 pour Sydney
55%
Tintin et l'Alph-Art
39%
Aucun quiz correspondant
Distribution des résultats
% des personnes avec chaque résultat
Percentile par nombre de réponses
Votre historique - résultats
Vous n’avez pas pris ce quiz